| 000 | 00773nam a22002417a 4500 | ||
|---|---|---|---|
| 003 | UA-OsUOA | ||
| 001 | 38467 | ||
| 007 | ta | ||
| 008 | 20060511b un ||||| |||| 00| 0 ukr d | ||
| 100 | _aРазинкина Н. М. | ||
| 090 |
_a81,38.111 _bР17 |
||
| 942 | _cBK | ||
| 040 |
_aUA-OsUOA _brus _cUA-OsUOA _dUA-OsUOA |
||
| 245 |
_aФункциональная стилистика _b( на материале английского и русского языков) |
||
| 300 | _a271 с. | ||
| 955 | _a0 | ||
| 041 | _arus | ||
| 080 | _a81,38.111 | ||
| 020 | _a5-06-004554-4 | ||
| 260 |
_aМ. _bВысшая школа _c2004 |
||
| 650 | 7 |
_a8 Мовознавство. Художня література. Літературознавство _2UDC |
|
| 999 |
_c324621 _d324621 |
||